000 00861nam a22002897a 4500
003 CHAP
005 20220329135001.0
008 971013s1962 r 00010 d
010 _a29052
011 _a30024
035 _a34135
040 _cCHAP
082 _a581.13345
_bM24
100 0 0 _aMcKee, H. S.
_973625
245 _aNitrogen metabolism in plants
260 _aOxford :
_bClaredon,
_c1962
300 _a728 p.
_b: ilus
590 _aBATCH-UPD
_b10
_c20130110
_lUCH01
_h2039
590 _aBATCH-UPD
_b10
_c20130410
_lUCH01
_h1354
590 _aBATCH-UPD
_b10
_c20130914
_lUCH01
_h1806
590 _aCONVERSION
_b10
_c20130109
_lUCH01
_h1317
650 1 4 _aNitrĂ³geno en plantas.
_981476
650 1 4 _aPlantas
_xMetabolismo.
_988858
901 _aBK
942 _cLIBRO
949 _a581.13345 M24
_bBC
_cLIBRO
_d33724000547154
_eLIBRO
_h42322
_i34135
_si
_t236.25
999 _c29052
_d29052